00700nam a22001697a 4500003000200000005001700002008004100019050002500060100003100085245011300116260007100229300002700300500003600327504005600363650006500419650004600484020250215144341.0250215b xxu||||| |||| 00| 0 eng d aG 155.A1b.Sa23 2023 aSabanal, Cristian Ryan O.  aThe effectiveness of virtual reality in promoting ecotourism in the philippines. cCristian Ryan O. Sabanal aLas Pinas CitybSouthville International School and Collegesc2023 avii, 102 pages;c28cm. aBachelor of Science in Tourism. aIncludes bibliographical references and appendices. aVirtual reality – Applications in tourism – Philippines. aEcotourism – Promotion – Philippines.